Spain 2026 FIFA World Cup Squad - Statistics

General Stats
  • This quiz has been taken 173 times
  • The average score is 19 of 27
Answer Stats
# Position Player % Correct
FW Lamine Yamal
99%
MF Pedri
95%
GK David Raya
89%
MF Gavi
88%
GK Unai Simón
85%
DF Pau Cubarsí
84%
GK Joan Garcia
82%
DF Eric García
81%
FW Ferran Torres
81%
FW Nico Williams
80%
© MF Rodri
80%
DF Marc Cucurella
79%
MF Dani Olmo
77%
FW Mikel Oyarzabal
77%
MF Martín Zubimendi
73%
MF Mikel Merino
72%
DF Aymeric Laporte
63%
Manager Luis de la Fuente
62%
MF Fabián Ruiz
59%
DF Marcos Llorente
59%
DF Pedro Porro
52%
DF Álex Grimaldo
48%
DF Marc Pubill
41%
FW Yéremy Pino
40%
FW Álex Baena
39%
FW Borja Iglesias
36%
FW Víctor Muñoz
34%
No matching quizzes found
Score Distribution
Percent of People with Each Score
Percentile by Number Answered
Your Score History
You have not taken this quiz